| 000 | 01759 a2200241 4500 | ||
|---|---|---|---|
| 001 | 44407 | ||
| 005 | 20260407155721.0 | ||
| 008 | 260407a2017 arg spa d | ||
| 003 | AR-UNSa-BCEJYS | ||
| 040 |
_aAR-UNSa-BCEJYS _bspa _cAR-UNSa-BCEJYS |
||
| 080 |
_a338.43 _xAgricultura como una rama de la economía. Economía de los productos alimenticios |
||
| 245 | 1 | 0 | _aPolítica industrial rural y fortalecimiento de cadenas de valor |
| 020 | _a978-92-1-121952-4 | ||
| 264 | 1 |
_aSantiago de Chile : _bCEPAL (Comisión Económica para América Latina y el Caribe) _c2017 |
|
| 300 |
_a236 p. _c22 cm. |
||
| 505 | _aCapítulo I. Desafíos en materia de desarrollo productivo en el espacio rural de Centroamérica y la República Dominicana / Verónica Quiroz Estrada - Capítulo II. Política industrial rural / Ramón Padilla Pérez, Verónica Quiroz Estrada - Capítulo III. Metodología para el fortalecimiento de cadenas de valor / Ramón Padilla Pérez, Nahuel Oddone - Capítulo IV. La selección de cadenas de valor en el contexto de una política industrial / Caroline Gomes Nogueira, Ramón Padilla Pérez, Francisco G. Villarreal - Capítulo V. El fortalecimiento de cadenas de valor de productos primarios y agroindustriales / Ramón Padilla Pérez - Capítulo VI. El fortalecimiento de las cadenas de valor turísticas en los espacios rurales / Stefanie Garry, Nahuel Oddone - Capítulo VII. Conclusiones / Ramón Padilla Pérez | ||
| 041 | _aspa | ||
| 942 | _cBK | ||
| 590 | _aniveau_biblio:m niveau_hierar:0 | ||
| 100 | 1 | _aNaciones Unidas. Comisión Económica para América Latina y el Caribe (CEPAL) | |
| 700 | 1 | _aPadilla Pérez, Ramón | |
| 856 | 4 | 1 |
_uhttps://biblioeco.unsa.edu.ar/pmb/images/libros/L126876.jpg _yImagen de portada _qimage/jpeg |
| 999 |
_c3786 _d3786 |
||